000 00630nam a2200193Ia 4500
003 IN-BaIIA
008 211028s9999 xx 000 0 eng d
040 _cIIA Library
080 _a047.1:52
_bVIA-12
245 0 _aVistas in astronomy
_bvol. 12, the Henry norris Russell memorial volume
_cedited by Arthur Beer
260 _aOxford
_bPergamon Press
_c1970
300 _aviii, 426p.
650 _aAstronomy
_980
650 _aAstrophysics
_9794
650 _aHenry norris Russel-Biography
_914820
650 _aMemorial volume
_914821
700 _aBeer, Arthur ed.
_93137
942 _cBK
999 _c8811
_d8811